Guess the 1970s song lyrics #303 - Statistics

General Stats
  • This quiz has been taken 20 times
  • The average score is 239 of 317
Answer Stats
Answer % Correct
a
100%
I
100%
and
92%
be
92%
do
92%
hear
92%
ho
92%
how
92%
in
92%
is
92%
it
92%
no
92%
No
92%
Now
92%
now
92%
of
92%
that
92%
the
92%
The
92%
This
92%
this
92%
to
92%
what
92%
where
92%
Who
92%
You
92%
you
92%
your
92%
Your
92%
Are
85%
are
85%
by
85%
can
85%
for
85%
For
85%
it's
85%
It's
85%
more
85%
my
85%
not
85%
Not
85%
oh
85%
One
85%
one
85%
so
85%
time
85%
why
85%
you're
85%
You're
85%
But
77%
Don't
77%
don't
77%
gonna
77%
here
77%
I'm
77%
I've
77%
me
77%
up
77%
done
69%
goin
69%
heart
69%
if
69%
Know
69%
know
69%
Make
69%
make
69%
mistake
69%
once
69%
Only
69%
or
69%
over
69%
side
69%
wait
69%
want
69%
fool
62%
life
62%
say
62%
tell
62%
think
62%
waiting
62%
way
62%
about
54%
another
54%
been
54%
day
54%
further
54%
goes
54%
moment
54%
times
54%
anymore
46%
believe
46%
every
46%
future
46%
good
46%
keep
46%
Let
46%
makes
46%
run
46%
try
46%
What's
46%
wonderin
46%
wondering
46%
always
38%
back's
38%
choice
38%
Comes
38%
corner
38%
Here's
38%
hide
38%
holds
38%
maybe
38%
reason
38%
Stand
38%
Still
38%
sure
38%
we'd
38%
believed
31%
fight
31%
him
31%
left
31%
miracle
31%
Until
31%
Woah
31%
woah
31%
near
23%
provide
23%
room
23%
sign
23%
somehow
23%
survive
23%
There've
23%
whatever
23%
behind
15%
decide
15%
Leave
15%
No matching quizzes found
Score Distribution
Percent of People with Each Score
Percentile by Number Answered
Your Score History
You have not taken this quiz